Mejoramiento artificial de sistemas de conexión a tierra
保存先:
| 第一著者: | |
|---|---|
| フォーマット: | 図書 |
| 出版事項: |
[San José , Costa Rica]
1985
|
| タグ: |
タグ追加
タグなし, このレコードへの初めてのタグを付けませんか!
|
MARC
| LEADER | 00000nam a2200000Ia 4500 | ||
|---|---|---|---|
| 003 | 002840 | ||
| 005 | 20221231144401.0 | ||
| 008 | 140114s1985 cr a m 000 ||s d | ||
| 040 | |c cru CEDI | ||
| 090 | |a TFG 1686 | ||
| 100 | |a Conejo Badilla, José Antonio |9 10604 | ||
| 245 | |a Mejoramiento artificial de sistemas de conexión a tierra | ||
| 260 | |c 1985 |a [San José , Costa Rica] | ||
| 300 | |a 108 hojas :ilustraciones | ||
| 500 | |a Proyecto de graduación (bachiller en ingeniería eléctrica)--Universidad de Costa Rica. Facultad de Ingeniería. Escuela de Ingeniería Eléctrica. | ||
| 942 | |c TFG | ||
| 999 | |c 21081 |d 21081 | ||
